Quizzes
Events
Quiz Creation
Community
Videos
Private Events
Remove Ads
Sign In
Join for FREE
Feedback
Dark Mode
Quiz Categories
Sports
Geography
Music
Movies
Television
Just For Fun
Miscellaneous
History
Literature
Language
Science
Gaming
Entertainment
Religion
Holiday
For Kids
Quiz Lab
Recent
Popular Today
Quiz Kudos Today
Editor Picks
Curator Picks
Quizzes by...
Day
Popularity
Type
Ratings
Length
Year
Community
Subscriptions
Recent Discussions
Orange Saloon
Badges
Playlists
Quests
Create
Leaderboards
Showdown
Live 5
Trivia Bingo
Activity
Puzzle Library
Sporcle Events
Private Events
Virtual Trivia
Globe League
Become a Host
Pub Owners
SporcleCon
Opinionation
Our Games
Videos
Blog
Mobile Apps
Partnerships
Remove Ads and Go Orange
Feedback
Language
Vocabulary
Begins and Ends
Definition
Spanish
French
German
Italian
Chinese
Latin
Translation
Japanese
Language
Vocabulary
Begins and Ends
Definition
Spanish
French
German
Italian
Chinese
Latin
Translation
Japanese
Random Quiz
Search Sporcle
×
Quiz Lab
Quiz Lab
Language
Japanese
Click on answers out of a set of options
Click on answers out of a set of options
Multiple Choice
Best Score? Go Orange.
Kanji verbs multiple choice Revision 04 Stats
Match the verbs
By
PetePorchos
3m
20 Questions
24 Plays
24 Plays
24 Plays
Comments
Comments
Give Quiz Kudos
Give Quiz Kudos
-
- Ratings
hide this ad
Random Order
Randomize order of answers
Randomize order of answers
Replay
Link that replays current quiz
Next Quiz
Link to next quiz in quiz playlist
You Got
0%
They Got
Avg Score
73%
Avg Friend Score
Upgrade to see
Score Distribution
Jump to the score distribution portion of the page
Score
0/20
Timer
03:00
0
Plays Today
Question
Answer
Wrong Answers
のむ drink
飲む
91.7%
読む
4.2%
囲む
0%
産む
0%
たべる eat
食べる
91.7%
登る
0%
上がる
4.2%
降る
0%
きく listen
聞く
87.5%
書く
4.2%
掃く
0%
動く
0%
つかう use
使う
87.5%
間違う
0%
手伝う
8.3%
話し合う
0%
いく go
行く
87.5%
動く
0%
働く
0%
描く
0%
しぬ die
死ぬ
83.3%
読む
4.2%
歌う
0%
用いる
0%
まつ wait
待つ
79.2%
勝つ
0%
保つ
4.2%
育つ
0%
かえる return home
帰る
79.2%
走る
12.5%
切る
0%
要る
0%
まなぶ learn
学ぶ
79.2%
結ぶ
0%
忍ぶ
4.2%
遊ぶ
8.3%
しんじる believe
信じる
70.8%
交じる
8.3%
応じる
12.5%
込む
0%
てつだう help
手伝う
70.8%
払う
4.2%
失う
0%
戦う
16.7%
みがく polish
磨く
70.8%
書く
4.2%
歩く
0%
置く
16.7%
およぐ swim
泳ぐ
70.8%
注ぐ
4.2%
急ぐ
8.3%
研ぐ
0%
もつ hold
持つ
66.7%
打つ
12.5%
待つ
4.2%
勝つ
4.2%
なげる throw
投げる
62.5%
握る
12.5%
捨てる
16.7%
食べる
4.2%
むかう head for
向かう
62.5%
洗う
8.3%
会う
8.3%
歌う
8.3%
えらぶ choose
選ぶ
62.5%
遊ぶ
16.7%
忍ぶ
8.3%
話す
4.2%
とる take
取る
62.5%
売る
12.5%
祈る
12.5%
曇る
4.2%
むすぶ join
結ぶ
58.3%
学ぶ
4.2%
選ぶ
12.5%
遊ぶ
20.8%
しめす show
示す
41.7%
話す
4.2%
刺す
12.5%
召す
25%
Quiz Playlist
Details
Report
Send in Message
Add To Playlist
Multiple Choice:
Click on answers out of a set of options
Random Order:
Randomize order of answers
Last Updated: Sep 8, 2017
Quiz Scoreboard
CHALLENGE
Sign Up to Join the Scoreboard
Show All
Scores
Hide
Comments
May contain spoilers
Recently Published
College Basketball Coaching Resumes
by pancakes188
Sports
9m
Billboard Blitz: Fleetwood Mac
by CooCooCachoo
Music
15s
Presidents Visiting Landmarks
by Hejman
History
7m
More to Explore
Quiz From the Vault
Featured Blog Post
Where Did the Easter Bunny Come From?
hide this ad
You Might Also Like...
Tags
Japanese Quiz
hiragana
kanji
multiple
Verbs
Today's Top Quizzes in Language
Browse Language
hide this ad
Today's Top Quizzes in Japanese
Browse Japanese
Top Contributed Quizzes in Language
1
1-10 Letter F Words III
2
1-10 Letter G Words III
3
Alphabetize! : 'As' words
4
1-10 Letter H Words III
5
Order Up: Top 10 Most Native Spoken Languages
6
One Thing in Common: Italy
7
1-10 Letter I Words III
8
1-10 Letter J Words III
9
Weisst du, aus welchen Sprachen diese Wörter stammen?
10
Celtic Nations in their Language
Explore More
Trending Topics
NBA
Marvel
Disney
Crossword
Harry Potter
Anime
Kpop
Pokémon
The Office
Soccer
Song
NFL
Country
WWE
Puzzle
hide this ad
More By:
PetePorchos
Quiz
Plays
Rating
Category
Featured
Created
KATAKANA FOOD 01
550
5.00
Language
Sep 19, 2016
Japanese verbs 01 kanji and hiragana
290
5.00
Language
Sep 15, 2015
katakana transport 01
244
5.00
Language
Sep 9, 2017
Japanese Verbs 04 kanji and hiragana
232
5.00
Language
Sep 18, 2015
KATAKANA FOOD 03
194
5.00
Language
Sep 19, 2016
Go to Creator's Profile
Score Distribution
Quiz Creator Spotlight
PetePorchos
Follow
Send a Message
Quizzes Created
-
Created Quiz Play Count
-
More By This Creator
Popular Quizzes Today
1
Find the US States - No Outlines Minefield
2
Find the Countries of Europe - No Outlines Minefield
3
The Countries of the World
4
Find the US States
5
Risky Map Clicking: Biggest States A-Z
6
US States
7
Popular People in 1961
8
Movies - When Are They Set?
More Language Quizzes
1-10 Letter D Words
Published
Trending Quizzes
Risky Map Clicking: Least Populous States A-Z
1-10 Letter G Words
1-10 Letter F Words
Risky Map Clicking: Next State Alphabetically
Click the Washington State Counties! (Map)
Recently Updated
Leaping Animals
pecheneg
Reality TV Shows (A-Z)
bhenderson79
Rickey Henderson's Hall of Fame Teammates
pecheneg
Champions League XIs: Arsenal
pecheneg
Quick Pick: Celebrities in WWE's Hall of Fame
aduchscher
A-Z Keypad Blitz II
pecheneg
Multiple Oscar Actors
pecheneg
Mystery Phrase Blitz: Oscar 'Best Actors'
pecheneg
F. Scott Fitzgerald Novels
LTH
Pick 3 Villains
ddd62291
Trending Topics
Anime
Kpop
Marvel
Crossword
NBA
Harry Potter
Disney
Soccer
WWE
Song
Pokémon
The Office
Puzzle
NFL
Country
Your Account Isn't Verified!
In order to create a playlist on Sporcle, you need to verify the email address you used during registration. Go to your
Sporcle Settings
to finish the process.
Report this User
Report this user for behavior that violates our
Community Guidelines
.
Details:
Send Report
Go to the Sporcle.com Mobile Site →
Comments